<?xml version="1.0" encoding="UTF-8"?>
<record
    xmlns:xsi="http://www.w3.org/2001/XMLSchema-instance"
    xsi:schemaLocation="http://www.loc.gov/MARC21/slim http://www.loc.gov/standards/marcxml/schema/MARC21slim.xsd"
    xmlns="http://www.loc.gov/MARC21/slim">

  <leader>02469nam a22002177a 4500</leader>
  <controlfield tag="003">NALT</controlfield>
  <controlfield tag="005">20251217140932.0</controlfield>
  <controlfield tag="008">250924b        th ||||| |||| 00| 0 tha d</controlfield>
  <datafield tag="020" ind1=" " ind2=" ">
    <subfield code="a">9786163024879</subfield>
  </datafield>
  <datafield tag="020" ind1=" " ind2=" ">
    <subfield code="a">9786163024879</subfield>
  </datafield>
  <datafield tag="040" ind1=" " ind2=" ">
    <subfield code="a">NALT</subfield>
  </datafield>
  <datafield tag="100" ind1="0" ind2=" ">
    <subfield code="a">&#xE1E;&#xE07;&#xE29;&#xE4C;&#xE23;&#xE31;&#xE15;&#xE19;&#xE4C; &#xE40;&#xE04;&#xE23;&#xE37;&#xE2D;&#xE01;&#xE25;&#xE34;&#xE48;&#xE19;.</subfield>
    <subfield code="9">15982</subfield>
  </datafield>
  <datafield tag="245" ind1="1" ind2="0">
    <subfield code="a">&#xE01;&#xE0E;&#xE2B;&#xE21;&#xE32;&#xE22;&#xE41;&#xE23;&#xE07;&#xE07;&#xE32;&#xE19; &#xE40;&#xE01;&#xE35;&#xE48;&#xE22;&#xE27;&#xE01;&#xE31;&#xE1A;&#xE01;&#xE32;&#xE23;&#xE08;&#xE49;&#xE32;&#xE07; Outsource /</subfield>
    <subfield code="c">&#xE1E;&#xE07;&#xE29;&#xE4C;&#xE23;&#xE31;&#xE15;&#xE19;&#xE4C; &#xE40;&#xE04;&#xE23;&#xE37;&#xE2D;&#xE01;&#xE25;&#xE34;&#xE48;&#xE19;.</subfield>
  </datafield>
  <datafield tag="260" ind1=" " ind2=" ">
    <subfield code="a">&#xE01;&#xE23;&#xE38;&#xE07;&#xE40;&#xE17;&#xE1E;&#xE2F; :</subfield>
    <subfield code="b">&#xE18;&#xE23;&#xE23;&#xE21;&#xE19;&#xE34;&#xE15;&#xE34; &#xE40;&#xE1E;&#xE23;&#xE2A;, </subfield>
    <subfield code="c">2568.</subfield>
  </datafield>
  <datafield tag="300" ind1=" " ind2=" ">
    <subfield code="a">Online resource</subfield>
  </datafield>
  <datafield tag="520" ind1=" " ind2=" ">
    <subfield code="a">&#xE01;&#xE32;&#xE23;&#xE08;&#xE49;&#xE32;&#xE07;&#xE25;&#xE39;&#xE01;&#xE08;&#xE49;&#xE32;&#xE07; Outsource &#xE2B;&#xE23;&#xE37;&#xE2D;&#xE41;&#xE23;&#xE07;&#xE07;&#xE32;&#xE19;&#xE08;&#xE32;&#xE01;&#xE20;&#xE32;&#xE22;&#xE19;&#xE2D;&#xE01; &#xE16;&#xE37;&#xE2D;&#xE40;&#xE1B;&#xE47;&#xE19;&#xE17;&#xE32;&#xE07;&#xE40;&#xE25;&#xE37;&#xE2D;&#xE01;&#xE17;&#xE35;&#xE48;&#xE0A;&#xE48;&#xE27;&#xE22;&#xE43;&#xE2B;&#xE49;&#xE01;&#xE34;&#xE08;&#xE01;&#xE32;&#xE23;&#xE04;&#xE25;&#xE48;&#xE2D;&#xE07;&#xE15;&#xE31;&#xE27;&#xE21;&#xE32;&#xE01;&#xE22;&#xE34;&#xE48;&#xE07;&#xE02;&#xE36;&#xE49;&#xE19; &#xE23;&#xE27;&#xE21;&#xE16;&#xE36;&#xE07;&#xE19;&#xE32;&#xE22;&#xE08;&#xE49;&#xE32;&#xE07;&#xE22;&#xE31;&#xE07;&#xE2A;&#xE32;&#xE21;&#xE32;&#xE23;&#xE16;&#xE25;&#xE14;&#xE15;&#xE49;&#xE19;&#xE17;&#xE38;&#xE19;&#xE02;&#xE2D;&#xE07;&#xE2D;&#xE07;&#xE04;&#xE4C;&#xE01;&#xE23; &#xE40;&#xE1E;&#xE23;&#xE32;&#xE30;&#xE2B;&#xE32;&#xE01;&#xE08;&#xE49;&#xE32;&#xE07;&#xE1E;&#xE19;&#xE31;&#xE01;&#xE07;&#xE32;&#xE19;&#xE1B;&#xE23;&#xE30;&#xE08;&#xE33; &#xE19;&#xE32;&#xE22;&#xE08;&#xE49;&#xE32;&#xE07;&#xE08;&#xE30;&#xE15;&#xE49;&#xE2D;&#xE07;&#xE41;&#xE1A;&#xE01;&#xE23;&#xE31;&#xE1A;&#xE20;&#xE32;&#xE23;&#xE30;&#xE17;&#xE35;&#xE48;&#xE19;&#xE2D;&#xE01;&#xE40;&#xE2B;&#xE19;&#xE37;&#xE2D;&#xE08;&#xE32;&#xE01;&#xE40;&#xE07;&#xE34;&#xE19;&#xE40;&#xE14;&#xE37;&#xE2D;&#xE19; &#xE40;&#xE0A;&#xE48;&#xE19; &#xE2A;&#xE27;&#xE31;&#xE2A;&#xE14;&#xE34;&#xE01;&#xE32;&#xE23; &#xE42;&#xE1A;&#xE19;&#xE31;&#xE2A;&#xE1B;&#xE23;&#xE30;&#xE08;&#xE33;&#xE1B;&#xE35; &#xE2B;&#xE23;&#xE37;&#xE2D;&#xE01;&#xE32;&#xE23;&#xE1B;&#xE23;&#xE31;&#xE1A;&#xE40;&#xE07;&#xE34;&#xE19;&#xE40;&#xE14;&#xE37;&#xE2D;&#xE19; &#xE40;&#xE1B;&#xE47;&#xE19;&#xE15;&#xE49;&#xE19; &#xE2D;&#xE22;&#xE48;&#xE32;&#xE07;&#xE44;&#xE23;&#xE01;&#xE47;&#xE15;&#xE32;&#xE21; &#xE43;&#xE19;&#xE01;&#xE32;&#xE23;&#xE08;&#xE49;&#xE32;&#xE07;&#xE25;&#xE39;&#xE01;&#xE08;&#xE49;&#xE32;&#xE07;&#xE25;&#xE31;&#xE01;&#xE29;&#xE13;&#xE30;&#xE19;&#xE35;&#xE49;&#xE21;&#xE35;&#xE23;&#xE32;&#xE22;&#xE25;&#xE30;&#xE40;&#xE2D;&#xE35;&#xE22;&#xE14;&#xE17;&#xE35;&#xE48;&#xE40;&#xE01;&#xE35;&#xE48;&#xE22;&#xE27;&#xE01;&#xE31;&#xE1A;&#xE2A;&#xE16;&#xE32;&#xE19;&#xE30;&#xE04;&#xE27;&#xE32;&#xE21;&#xE40;&#xE1B;&#xE47;&#xE19;&#xE19;&#xE32;&#xE22;&#xE08;&#xE49;&#xE32;&#xE07; &#xE2D;&#xE07;&#xE04;&#xE4C;&#xE1B;&#xE23;&#xE30;&#xE01;&#xE2D;&#xE1A;&#xE01;&#xE32;&#xE23;&#xE40;&#xE1B;&#xE47;&#xE19;&#xE19;&#xE32;&#xE22;&#xE08;&#xE49;&#xE32;&#xE07; &#xE2B;&#xE19;&#xE49;&#xE32;&#xE17;&#xE35;&#xE48; &#xE2A;&#xE34;&#xE17;&#xE18;&#xE34;&#xE1B;&#xE23;&#xE30;&#xE42;&#xE22;&#xE0A;&#xE19;&#xE4C;&#xE02;&#xE2D;&#xE07;&#xE25;&#xE39;&#xE01;&#xE08;&#xE49;&#xE32;&#xE07; &#xE41;&#xE25;&#xE30;&#xE23;&#xE39;&#xE1B;&#xE41;&#xE1A;&#xE1A;&#xE01;&#xE32;&#xE23;&#xE08;&#xE49;&#xE32;&#xE07;&#xE17;&#xE35;&#xE48;&#xE21;&#xE35;&#xE1C;&#xE25;&#xE15;&#xE48;&#xE2D;&#xE04;&#xE27;&#xE32;&#xE21;&#xE23;&#xE31;&#xE1A;&#xE1C;&#xE34;&#xE14;&#xE0A;&#xE2D;&#xE1A;&#xE15;&#xE32;&#xE21;&#xE01;&#xE0E;&#xE2B;&#xE21;&#xE32;&#xE22;&#xE41;&#xE23;&#xE07;&#xE07;&#xE32;&#xE19; &#xE21;&#xE32;&#xE15;&#xE23;&#xE32; 11/1 &#xE41;&#xE2B;&#xE48;&#xE07;&#xE1E;&#xE23;&#xE30;&#xE23;&#xE32;&#xE0A;&#xE1A;&#xE31;&#xE0D;&#xE0D;&#xE31;&#xE15;&#xE34;&#xE04;&#xE38;&#xE49;&#xE21;&#xE04;&#xE23;&#xE2D;&#xE07;&#xE41;&#xE23;&#xE07;&#xE07;&#xE32;&#xE19; &#xE1E;.&#xE28;. 2541 &#xE40;&#xE1E;&#xE37;&#xE48;&#xE2D;&#xE21;&#xE34;&#xE43;&#xE2B;&#xE49;&#xE40;&#xE01;&#xE34;&#xE14;&#xE02;&#xE49;&#xE2D;&#xE1E;&#xE34;&#xE1E;&#xE32;&#xE17;&#xE23;&#xE30;&#xE2B;&#xE27;&#xE48;&#xE32;&#xE07;&#xE19;&#xE32;&#xE22;&#xE08;&#xE49;&#xE32;&#xE07;&#xE41;&#xE25;&#xE30;&#xE25;&#xE39;&#xE01;&#xE08;&#xE49;&#xE32;&#xE07;&#xE43;&#xE19;&#xE01;&#xE32;&#xE23;&#xE17;&#xE33;&#xE07;&#xE32;&#xE19;.</subfield>
  </datafield>
  <datafield tag="650" ind1=" " ind2="4">
    <subfield code="a">&#xE01;&#xE0E;&#xE2B;&#xE21;&#xE32;&#xE22;&#xE41;&#xE23;&#xE07;&#xE07;&#xE32;&#xE19;</subfield>
    <subfield code="9">5513</subfield>
  </datafield>
  <datafield tag="856" ind1="4" ind2="0">
    <subfield code="u">https://ebook.parliament.go.th/ebookall/detail/438336</subfield>
    <subfield code="z">E-Book</subfield>
  </datafield>
  <datafield tag="942" ind1=" " ind2=" ">
    <subfield code="c">EBK</subfield>
    <subfield code="2">lcc</subfield>
  </datafield>
  <datafield tag="996" ind1=" " ind2=" ">
    <subfield code="a">jamriang.p</subfield>
    <subfield code="b">CATSTF	</subfield>
    <subfield code="c">2025-12-17</subfield>
  </datafield>
  <datafield tag="999" ind1=" " ind2=" ">
    <subfield code="c">107239</subfield>
    <subfield code="d">107239</subfield>
  </datafield>
  <datafield tag="998" ind1=" " ind2=" ">
    <subfield code="j">1020</subfield>
    <subfield code="k"> &#xE19;&#xE32;&#xE07;&#xE08;&#xE33;&#xE40;&#xE23;&#xE35;&#xE22;&#xE07;  &#xE23;&#xE30;&#xE27;&#xE31;&#xE07;&#xE2A;&#xE33;&#xE42;&#xE23;&#xE07;</subfield>
  </datafield>
  <datafield tag="952" ind1=" " ind2=" ">
    <subfield code="0">0</subfield>
    <subfield code="1">0</subfield>
    <subfield code="2">lcc</subfield>
    <subfield code="4">0</subfield>
    <subfield code="7">0</subfield>
    <subfield code="8">CERS</subfield>
    <subfield code="a">NALT</subfield>
    <subfield code="b">NALT</subfield>
    <subfield code="c">ONLINE</subfield>
    <subfield code="d">2025-09-29</subfield>
    <subfield code="e">191</subfield>
    <subfield code="r">2025-09-29 00:00:00</subfield>
    <subfield code="t">1</subfield>
    <subfield code="y">EBK</subfield>
  </datafield>
</record>
